000 00461cam a22001934a 4500
005 20250605164301.0
008 250528s ||||||||||||||||||||||||d
035 _a22091
020 _a9781849204057
040 _aGR-AtMCL
_bgre
_dGR-AtMCL
_eAACR2
245 1 _aLEARNING IN EALRY CHILDHOOD
250 _a1
260 _bSage Publications,
_c2012
300 _a245
700 1 _aBeckley Pat
_94045
942 _cBK
999 _c7147
_d7147